[Event "DEM U14 2010"]
[Site "Oberhof GER"]
[Date "2010.05.27"]
[Round "7"]
[White "Kyas, Philipp"]
[Black "Lampert, Jonas"]
[Result "0-1"]
[Termination "normal"]
[Board "4"]
[WhiteElo "2015"]
[BlackElo "2107"]
[PlyCount "70"]
[WhiteFideId "24670936"]
[BlackFideId "1303759"]
[EventCountry "GER"]
[EventRounds "9"]
[EventType "swiss"]
[EventDate "2010.05.22"]

1. d4 d5 2. c4 c6 3. Nf3 Nf6 4. Nc3 dxc4 5. a4 Bf5 6. e3 e6 7. Bxc4 Bb4 8. O-O
Nbd7 9. Bd3 Bxd3 10. Qxd3 O-O 11. e4 Bxc3 12. bxc3 Nc5 13. Qc2 Ncxe4 14. Ba3
Re8 15. Rab1 b6 16. Rfe1 Nd6 17. Nd2 Rb8 18. Bxd6 Qxd6 19. Ne4 Nxe4 20. Rxe4
Rbc8 21. a5 b5 22. Re5 Qa3 23. c4 Qxa5 24. Rc5 Qa6 25. cxb5 cxb5 26. Rbxb5 Rxc5
27. Rxc5 Qa1+ 28. Qc1 Qxd4 29. h3 h6 30. Rc4 Qf6 31. Qa3 Qe7 32. Qa5 Rb8 33.
Rc7 Rb1+ 34. Kh2 Qd6+ 35. g3 Qd1 0-1

[Event "DEM U14 2010"]
[Site "Oberhof GER"]
[Date "2010.05.27"]
[Round "7"]
[White "Gibicar, Danijel"]
[Black "Stahnecker, Ludwig"]
[Result "0-1"]
[Termination "normal"]
[Board "5"]
[WhiteElo "1965"]
[BlackElo "1991"]
[PlyCount "74"]
[WhiteFideId "24660256"]
[BlackFideId "24692026"]
[EventCountry "GER"]
[EventRounds "9"]
[EventType "swiss"]
[EventDate "2010.05.22"]

1. d4 d5 2. c4 e6 3. Nf3 c6 4. Qc2 Nf6 5. g3 Nbd7 6. Bg2 Bd6 7. Nbd2 O-O 8. O-O
b6 9. e4 dxe4 10. Nxe4 Nxe4 11. Qxe4 Bb7 12. b3 Qc7 13. Bb2 Rfe8 14. Ne5 Nf6
15. Qf3 Rac8 16. Rfe1 Ba8 17. Ng4 Nxg4 18. Qxg4 Bf8 19. c5 g6 20. d5 exd5 21.
Qd4 f6 22. Bh3 Rcd8 23. Be6+ Kh8 24. cxb6 axb6 25. h4 Bg7 26. h5 c5 27. Qd2 d4
28. hxg6 Qc6 29. f3 Rxe6 30. Qh2 h6 31. Rad1 Rde8 32. Rxe6 Qxe6 33. Rf1 Qe3+
34. Kg2 Qd2+ 35. Rf2 Re2 36. g4 Rxf2+ 37. Kg1 Qe1# 0-1

[Event "DEM U14 2010"]
[Site "Oberhof GER"]
[Date "2010.05.27"]
[Round "7"]
[White "Schreiber, Kevin"]
[Black "Yankelevich, Lev"]
[Result "0-1"]
[Termination "normal"]
[Board "6"]
[WhiteElo "1674"]
[BlackElo "1926"]
[PlyCount "50"]
[WhiteFideId "24655830"]
[BlackFideId "24684074"]
[EventCountry "GER"]
[EventRounds "9"]
[EventType "swiss"]
[EventDate "2010.05.22"]

1. d4 Nf6 2. Bf4 g6 3. e3 Bg7 4. Nf3 O-O 5. Be2 d6 6. h3 Nfd7 7. O-O e5 8. Bh2
Nc6 9. c4 f5 10. Nc3 e4 11. Nd2 Nf6 12. Rb1 g5 13. b4 Ne7 14. c5 Be6 15. Qc2 d5
16. a4 Ng6 17. a5 f4 18. Qa2 Qd7 19. a6 bxa6 20. Qxa6 Bxh3 21. gxh3 Qxh3 22.
Rfc1 fxe3 23. Rf1 exf2+ 24. Kh1 Nh4 25. Qe6+ Qxe6 0-1

[Event "DEM U14 2010"]
[Site "Oberhof GER"]
[Date "2010.05.27"]
[Round "7"]
[White "Holle, Cedric"]
[Black "Neef, Maximilian"]
[Result "1-0"]
[Termination "normal"]
[Board "8"]
[WhiteElo "1733"]
[BlackElo "2040"]
[PlyCount "73"]
[WhiteFideId "24692158"]
[BlackFideId "24692085"]
[EventCountry "GER"]
[EventRounds "9"]
[EventType "swiss"]
[EventDate "2010.05.22"]

1. e4 e6 2. d4 d5 3. Nd2 Nf6 4. e5 Nfd7 5. Bd3 c5 6. c3 Nc6 7. Ngf3 Qb6 8. O-O
cxd4 9. cxd4 Nxd4 10. Nxd4 Qxd4 11. Nf3 Qb6 12. Qa4 Qb4 13. Qc2 Qc5 14. Qa4 Qb4
15. Qc2 h6 16. Bd2 Qb6 17. Rac1 Bc5 18. b4 Be7 19. Qa4 Qd8 20. Bb5 a6 21. Rc3
Rb8 22. Bd3 O-O 23. Bb1 f5 24. exf6 Nxf6 25. Qc2 Ne4 26. Re3 Bd7 27. Rxe4 dxe4
28. Qxe4 Bf6 29. Bxh6 Bc6 30. Qh7+ Kf7 31. Ng5+ Ke7 32. Nxe6 Kxe6 33. Re1+ Kd7
34. Qf5+ Kc7 35. Bf4+ Qd6 36. Bxd6+ Kxd6 37. Qf4+ 1-0

[Event "DEM U14 2010"]
[Site "Oberhof GER"]
[Date "2010.05.27"]
[Round "7"]
[White "Urban, Lars"]
[Black "Töws, Manuel"]
[Result "1/2-1/2"]
[Termination "normal"]
[Board "9"]
[WhiteElo "1835"]
[BlackElo "1910"]
[PlyCount "41"]
[WhiteFideId "4644034"]
[BlackFideId "24654485"]
[EventCountry "GER"]
[EventRounds "9"]
[EventType "swiss"]
[EventDate "2010.05.22"]

1. d4 Nf6 2. c4 e6 3. Nc3 Bb4 4. Bg5 b6 5. f3 c5 6. d5 h6 7. Bh4 d6 8. e4 Bxc3+
9. bxc3 e5 10. Bd3 Nbd7 11. Ne2 Nf8 12. O-O Ng6 13. Bf2 O-O 14. Be3 Nh5 15. Qc2
Nhf4 16. Nxf4 exf4 17. Bd2 Qf6 18. a4 Ne5 19. a5 Bd7 20. Rfb1 Qg5 21. Kh1
1/2-1/2

[Event "DEM U14 2010"]
[Site "Oberhof GER"]
[Date "2010.05.27"]
[Round "7"]
[White "Grötzbach, Julian"]
[Black "Takeuchi, Eiki"]
[Result "0-1"]
[Termination "normal"]
[Board "10"]
[WhiteElo "1861"]
[BlackElo "1850"]
[PlyCount "66"]
[WhiteFideId "24600938"]
[BlackFideId "24663751"]
[EventCountry "GER"]
[EventRounds "9"]
[EventType "swiss"]
[EventDate "2010.05.22"]

1. e4 e6 2. d4 d5 3. Nc3 Nf6 4. e5 Nfd7 5. f4 c5 6. Nf3 Nc6 7. Be3 cxd4 8. Nxd4
Bc5 9. Be2 a6 10. Qd2 Qc7 11. O-O-O b5 12. h4 Bb7 13. Bg4 b4 14. Nce2 Qa5 15.
Kb1 Qb6 16. Rh3 a5 17. Nxc6 Bxc6 18. Nd4 a4 19. Nxc6 Qxc6 20. Bxc5 Qxc5 21. Re1
Nb6 22. f5 Nc4 23. Qd1 exf5 24. Bxf5 Qf2 25. Rf3 Nd2+ 26. Ka1 Nxf3 27. gxf3 O-O
28. e6 fxe6 29. Bxe6+ Kh8 30. Rf1 Qc5 31. Qxd5 Qxc2 32. Rg1 Rfd8 33. Bf5 Qf2
0-1

[Event "DEM U14 2010"]
[Site "Oberhof GER"]
[Date "2010.05.27"]
[Round "7"]
[White "Nöttling, Dominik"]
[Black "Cech, Tim"]
[Result "1-0"]
[Termination "normal"]
[Board "11"]
[WhiteElo "1801"]
[BlackElo "1807"]
[PlyCount "93"]
[WhiteFideId "24672807"]
[BlackFideId "1270258"]
[EventCountry "GER"]
[EventRounds "9"]
[EventType "swiss"]
[EventDate "2010.05.22"]

1. e4 e6 2. d4 d5 3. Nd2 Nf6 4. e5 Nfd7 5. Nb3 c5 6. Bf4 Qb6 7. a4 c4 8. a5 Qb5
9. Bd2 Bb4 10. Bxb4 Qxb4+ 11. Qd2 Nc6 12. Nc5 Qxb2 13. Rd1 Nxc5 14. dxc5 Qxe5+
15. Be2 Qc7 16. a6 Qa5 17. Qxa5 Nxa5 18. axb7 Bxb7 19. Ra1 Nc6 20. Nf3 O-O 21.
O-O Rfe8 22. c3 a5 23. Rfb1 Reb8 24. Nd4 Nxd4 25. cxd4 f6 26. f4 Kf7 27. Rb6
Ra6 28. Rab1 Rxb6 29. Rxb6 Ke7 30. c6 Kd6 31. Rxb7 Rxb7 32. cxb7 Kc7 33. Kf2
Kxb7 34. Bd1 Kc7 35. Ke3 Kd6 36. g4 e5 37. g5 Ke6 38. Bc2 e4 39. h4 fxg5 40.
hxg5 Kf5 41. Ba4 Ke6 42. Bc6 Kd6 43. Be8 h6 44. g6 Ke6 45. Bf7+ Kd6 46. f5 a4
47. Bxd5 1-0

[Event "DEM U14 2010"]
[Site "Oberhof GER"]
[Date "2010.05.27"]
[Round "7"]
[White "Knopf, Felix"]
[Black "Koop, Thorben"]
[Result "0-1"]
[Termination "normal"]
[Board "12"]
[WhiteElo "1745"]
[BlackElo "1868"]
[PlyCount "80"]
[WhiteFideId "24692204"]
[BlackFideId "24661619"]
[EventCountry "GER"]
[EventRounds "9"]
[EventType "swiss"]
[EventDate "2010.05.22"]

1. d4 Nf6 2. Nf3 g6 3. c4 Bg7 4. Nc3 d5 5. e3 O-O 6. Qc2 c5 7. Bd2 cxd4 8. exd4
Nc6 9. Be3 Bf5 10. Qb3 Na5 11. Qb4 dxc4 12. Bxc4 Nxc4 13. Qxc4 Ng4 14. O-O e5
15. dxe5 Nxe3 16. fxe3 Bd3 17. Qb3 Bxf1 18. Rxf1 Qd3 19. e4 Rae8 20. Qxb7 Qe3+
21. Kh1 Rb8 22. Qc6 Rxb2 23. Nd5 Qe2 24. Rg1 Kh8 25. Nf6 Qb5 26. Qc7 Qb7 27.
Qd6 Rb6 28. Qd4 Bxf6 29. exf6 Rg8 30. Qe3 Rxf6 31. Qh6 Rb6 32. Qe3 f6 33. Qd4
h6 34. Qe3 Kh7 35. Qe1 Re8 36. Nh4 Qxe4 37. Qg3 Rb1 38. Qc7+ Re7 39. Qxe7+ Qxe7
40. Rxb1 Qe4 0-1

[Event "DEM U14 2010"]
[Site "Oberhof GER"]
[Date "2010.05.27"]
[Round "7"]
[White "Buchberger, Sascha"]
[Black "Brinkmann, Fabian"]
[Result "0-1"]
[Termination "normal"]
[Board "13"]
[WhiteElo "1736"]
[BlackElo "1726"]
[PlyCount "58"]
[WhiteFideId "24690180"]
[BlackFideId "24661414"]
[EventCountry "GER"]
[EventRounds "9"]
[EventType "swiss"]
[EventDate "2010.05.22"]

1. e4 c6 2. d4 d5 3. e5 Bf5 4. h4 h5 5. Bd3 Bxd3 6. Qxd3 e6 7. Nf3 Nh6 8. Bxh6
Rxh6 9. Nbd2 Be7 10. O-O-O Nd7 11. Nb3 b5 12. Rh3 a5 13. Qe3 Rg6 14. Rg3 Rxg3
15. fxg3 a4 16. Na1 c5 17. Qf4 b4 18. Rf1 c4 19. Kb1 f6 20. exf6 Nxf6 21. Ne5
Bd6 22. Qg5 Bxe5 23. dxe5 Ne4 24. Qxd8+ Rxd8 25. Kc1 Nxg3 26. Rf3 Nf5 27. g3 d4
28. Kd2 Rd5 29. g4 hxg4 0-1

[Event "DEM U14 2010"]
[Site "Oberhof GER"]
[Date "2010.05.27"]
[Round "7"]
[White "Galkin, Wladislaw"]
[Black "Krause, Benedict"]
[Result "1-0"]
[Termination "normal"]
[Board "14"]
[WhiteElo "1940"]
[BlackElo "1827"]
[PlyCount "107"]
[WhiteFideId "4603192"]
[BlackFideId "12917990"]
[EventCountry "GER"]
[EventRounds "9"]
[EventType "swiss"]
[EventDate "2010.05.22"]

1. d4 d5 2. c4 e6 3. Nc3 Nf6 4. Bg5 Be7 5. e3 O-O 6. Nf3 h6 7. Bh4 b6 8. cxd5
Nxd5 9. Bxe7 Qxe7 10. Nxd5 exd5 11. Qc2 Be6 12. Bd3 c5 13. O-O Rc8 14. Rac1 c4
15. Bh7+ Kh8 16. Bf5 Nc6 17. a3 b5 18. Rfe1 Re8 19. Re2 Bxf5 20. Qxf5 Qe6 21.
Qh5 Qd7 22. Rd1 Re7 23. Kf1 Rae8 24. Ng1 Kh7 25. Nh3 g6 26. Qf3 b4 27. Nf4 Re4
28. Ra1 b3 29. Ree1 Kg7 30. Ne2 Qe7 31. Rad1 Qg5 32. Nc3 Rh4 33. Qxd5 Qxd5 34.
Nxd5 Rxh2 35. g3 Rh1+ 36. Ke2 Rxe1+ 37. Kxe1 Ne7 38. Nxe7 Rxe7 39. Kd2 Rc7 40.
Kc3 Kf6 41. e4 Ke6 42. f4 f6 43. d5+ Kd6 44. Rd4 g5 45. Rxc4 Rc5 46. Kd4 Ra5
47. e5+ fxe5+ 48. fxe5+ Kd7 49. e6+ Kd8 50. g4 Ra6 51. Rc6 Rxa3 52. bxa3 b2 53.
e7+ Kd7 54. e8=Q+ 1-0

[Event "DEM U14 2010"]
[Site "Oberhof GER"]
[Date "2010.05.28"]
[Round "8"]
[White "Wagner, Dennis"]
[Black "Blübaum, Matthias"]
[Result "1/2-1/2"]
[Termination "normal"]
[Board "1"]
[WhiteElo "2112"]
[BlackElo "2091"]
[PlyCount "65"]
[WhiteFideId "24650684"]
[BlackFideId "24651516"]
[EventCountry "GER"]
[EventRounds "9"]
[EventType "swiss"]
[EventDate "2010.05.22"]

1. e4 e6 2. d4 d5 3. Nc3 Bb4 4. exd5 exd5 5. Bd3 Nc6 6. a3 Be7 7. Bf4 a6 8. Nf3
Nf6 9. h3 h6 10. Qd2 Be6 11. O-O-O Qd7 12. Rhe1 O-O-O 13. Na4 Nxd4 14. Qc3 Nc6
15. Ne5 Qe8 16. Nxc6 Qxc6 17. Qxc6 bxc6 18. Bxa6+ Kd7 19. Bf1 Ra8 20. Nc3 c5
21. Be5 c6 22. Ne4 Nxe4 23. Rxe4 f6 24. Bg3 Rhe8 25. Re3 Bf8 26. Bd3 Bd6 27.
Bxd6 Kxd6 28. Bg6 Re7 29. Rde1 Raa7 30. h4 c4 31. f4 d4 32. Re4 c5 33. g3
1/2-1/2

[Event "DEM U14 2010"]
[Site "Oberhof GER"]
[Date "2010.05.28"]
[Round "8"]
[White "Kvetny, Mark"]
[Black "Svane, Rasmus"]
[Result "0-1"]
[Termination "normal"]
[Board "2"]
[WhiteElo "1916"]
[BlackElo "2157"]
[PlyCount "84"]
[WhiteFideId "24603929"]
[BlackFideId "4657101"]
[EventCountry "GER"]
[EventRounds "9"]
[EventType "swiss"]
[EventDate "2010.05.22"]

1. d4 Nf6 2. c4 c5 3. d5 e6 4. Nc3 exd5 5. cxd5 Bd6 6. Nf3 O-O 7. Bg5 Re8 8. e3
Bf8 9. Be2 d6 10. h3 Nbd7 11. O-O a6 12. a4 Ne5 13. Nd2 Ng6 14. e4 Be7 15. Be3
Nd7 16. Nc4 Nge5 17. Na3 Bf6 18. f4 Ng6 19. e5 dxe5 20. f5 Nf4 21. Bf3 Bh4 22.
Kh2 Qg5 23. Ne4 Qh6 24. g3 Bxg3+ 25. Kxg3 Qxh3+ 26. Kf2 Qh2+ 27. Ke1 Nb6 28.
Rf2 Qh4 29. Kd2 Nbxd5 30. Qg1 Qd8 31. Rd1 Qa5+ 32. Kc1 Nh3 33. Qg3 Nxf2 34. f6
g6 35. Qg5 Nxe3 36. Qxe3 Nxe4 37. Bxe4 Qb6 38. Rf1 Re6 39. Bxg6 Rxf6 40. Bxh7+
Kxh7 41. Rh1+ Rh6 42. Rg1 Bf5 0-1

[Event "DEM U14 2010"]
[Site "Oberhof GER"]
[Date "2010.05.28"]
[Round "8"]
[White "Lampert, Jonas"]
[Black "Stahnecker, Ludwig"]
[Result "1/2-1/2"]
[Termination "normal"]
[Board "3"]
[WhiteElo "2107"]
[BlackElo "1991"]
[PlyCount "61"]
[WhiteFideId "1303759"]
[BlackFideId "24692026"]
[EventCountry "GER"]
[EventRounds "9"]
[EventType "swiss"]
[EventDate "2010.05.22"]

1. e4 e5 2. Nf3 Nc6 3. Bb5 Nd4 4. Nxd4 exd4 5. O-O c6 6. Be2 Nf6 7. Re1 d6 8.
c3 Be7 9. Qc2 Qb6 10. Na3 d5 11. exd5 Nxd5 12. Nc4 Qc7 13. cxd4 O-O 14. Bf3 Bf6
15. Ne5 Be6 16. d3 Rad8 17. Bd2 Ne7 18. Bc3 Nf5 19. Qa4 Bd5 20. Be4 Bxe4 21.
dxe4 Nxd4 22. Bxd4 Bxe5 23. Bxe5 Qxe5 24. Qxa7 Qxb2 25. Rab1 Qc2 26. Qxb7 Rd2
27. Rf1 Qxe4 28. Qb3 h6 29. h3 Ra8 30. Ra1 Qa4 31. Qxa4 1/2-1/2

[Event "DEM U14 2010"]
[Site "Oberhof GER"]
[Date "2010.05.28"]
[Round "8"]
[White "Yankelevich, Lev"]
[Black "Carow, Johannes"]
[Result "0-1"]
[Termination "normal"]
[Board "4"]
[WhiteElo "1926"]
[BlackElo "1939"]
[PlyCount "62"]
[WhiteFideId "24684074"]
[BlackFideId "24692050"]
[EventCountry "GER"]
[EventRounds "9"]
[EventType "swiss"]
[EventDate "2010.05.22"]

1. e4 c5 2. Nf3 Nc6 3. d4 cxd4 4. Nxd4 Nf6 5. Nc3 e5 6. Ndb5 d6 7. Bg5 a6 8.
Na3 b5 9. Nd5 Be7 10. Bxf6 Bxf6 11. c3 Bb7 12. Nc2 Nb8 13. c4 O-O 14. Nce3 Nd7
15. Be2 Nc5 16. Qc2 Bg5 17. O-O Ne6 18. Bd3 Rc8 19. b3 g6 20. Qd1 Nd4 21. cxb5
axb5 22. a4 f5 23. axb5 f4 24. Ra7 fxe3 25. Rxb7 Rc1 26. Qg4 h5 27. Rxc1 exf2+
28. Kf1 hxg4 29. Rcc7 Ne6 30. b6 Nxc7 31. bxc7 Qa8 0-1

[Event "DEM U14 2010"]
[Site "Oberhof GER"]
[Date "2010.05.28"]
[Round "8"]
[White "Moritz, Aron"]
[Black "Kyas, Philipp"]
[Result "1-0"]
[Termination "normal"]
[Board "5"]
[WhiteElo "2024"]
[BlackElo "2015"]
[PlyCount "87"]
[WhiteFideId "24672319"]
[BlackFideId "24670936"]
[EventCountry "GER"]
[EventRounds "9"]
[EventType "swiss"]
[EventDate "2010.05.22"]

1. e4 c6 2. d4 d5 3. exd5 cxd5 4. Bd3 Nc6 5. c3 Qc7 6. h3 e5 7. dxe5 Qxe5+ 8.
Ne2 Be6 9. Bf4 Qf6 10. O-O Bc5 11. Qd2 h6 12. Ng3 Nge7 13. Nh5 Qh4 14. Nxg7+
Kd7 15. Nxe6 fxe6 16. b4 Bd6 17. Bxd6 Kxd6 18. Qe3 Ne5 19. Na3 a6 20. Rae1 Qf6
21. c4 N7c6 22. Nc2 Rhg8 23. f4 Nxd3 24. Qxd3 h5 25. Qe3 h4 26. Qb6 Rxg2+ 27.
Kxg2 Rg8+ 28. Kh1 Qf5 29. Rf3 Qxc2 30. c5+ Ke7 31. Qxb7+ Kf6 32. Rxe6+ Kxe6 33.
Qxc6+ Kf7 34. Qxd5+ Kf8 35. Qd8+ Kf7 36. Qd7+ Kf8 37. Qd6+ Kf7 38. Qc7+ Kf8 39.
Qd8+ Kf7 40. Qd5+ Kf8 41. Rd3 Qf2 42. Qf5+ Ke8 43. Qe6+ Kf8 44. Qf6+ 1-0

[Event "DEM U14 2010"]
[Site "Oberhof GER"]
[Date "2010.05.28"]
[Round "8"]
[White "Holle, Cedric"]
[Black "Eigemann, Frederik"]
[Result "0-1"]
[Termination "normal"]
[Board "6"]
[WhiteElo "1733"]
[BlackElo "1929"]
[PlyCount "78"]
[WhiteFideId "24692158"]
[BlackFideId "24692034"]
[EventCountry "GER"]
[EventRounds "9"]
[EventType "swiss"]
[EventDate "2010.05.22"]

1. e4 e6 2. d4 d5 3. Nd2 c5 4. Ngf3 cxd4 5. Nxd4 Nf6 6. Bd3 Nc6 7. c3 Bc5 8.
exd5 Qxd5 9. N2f3 Bxd4 10. cxd4 Bd7 11. Bc2 h6 12. O-O Qd6 13. Re1 O-O 14. Bb3
Rfd8 15. g3 Na5 16. Bf4 Qb6 17. Ba4 Bxa4 18. Qxa4 Nc6 19. Be5 Ng4 20. Re2 Ngxe5
21. dxe5 Nd4 22. Nxd4 Rxd4 23. Qc2 Rad8 24. Rc1 Qb5 25. b3 R4d5 26. a4 Qa5 27.
Qb2 Rd1+ 28. Rxd1 Rxd1+ 29. Kg2 Qd5+ 30. Kh3 Rd3 31. b4 Qf3 32. Rc2 Qf5+ 33.
Kg2 Qe4+ 34. Kh3 g5 35. Re2 g4+ 36. Kh4 Qg6 37. Qc1 Kg7 38. f4 gxf3 39. Re4
Qxe4+ 0-1

[Event "DEM U14 2010"]
[Site "Oberhof GER"]
[Date "2010.05.28"]
[Round "8"]
[White "Töws, Manuel"]
[Black "Gibicar, Danijel"]
[Result "0-1"]
[Termination "time forfeit"]
[Board "7"]
[WhiteElo "1910"]
[BlackElo "1965"]
[PlyCount "48"]
[WhiteFideId "24654485"]
[BlackFideId "24660256"]
[EventCountry "GER"]
[EventRounds "9"]
[EventType "swiss"]
[EventDate "2010.05.22"]

1. e4 e6 2. d4 d5 3. Nc3 Bb4 4. e5 c5 5. a3 Bxc3+ 6. bxc3 Ne7 7. Nf3 Bd7 8. Bd3
Ba4 9. Be3 Nd7 10. O-O Qc7 11. Qd2 c4 12. Be2 h6 13. h3 O-O-O 14. Nh2 h5 15. g4
hxg4 16. hxg4 Rh3 17. Rfc1 Rdh8 18. Nf1 Rh1+ 19. Kg2 Ng6 20. f4 Qd8 21. g5 R8h3
22. Kf2 Qh8 23. Ke1 R3h2 24. Bf2 Nh4 {Zeitüberschreitung} 0-1

[Event "DEM U14 2010"]
[Site "Oberhof GER"]
[Date "2010.05.28"]
[Round "8"]
[White "Takeuchi, Eiki"]
[Black "Xu, Xianliang"]
[Result "1/2-1/2"]
[Termination "normal"]
[Board "8"]
[WhiteElo "1850"]
[BlackElo "1995"]
[PlyCount "67"]
[WhiteFideId "24663751"]
[BlackFideId "4603230"]
[EventCountry "GER"]
[EventRounds "9"]
[EventType "swiss"]
[EventDate "2010.05.22"]

1. e4 c5 2. c4 Nc6 3. Ne2 Nf6 4. Nbc3 e6 5. d4 cxd4 6. Nxd4 Bb4 7. f3 O-O 8.
Be3 d5 9. exd5 exd5 10. Qd2 dxc4 11. Bxc4 Re8 12. Nxc6 Qxd2+ 13. Kxd2 bxc6 14.
Rhe1 Bf5 15. Bd4 Red8 16. Ke3 Nd7 17. Kf4 Bg6 18. Rad1 Nb6 19. Ba6 Bd6+ 20. Be5
Bxe5+ 21. Rxe5 Rxd1 22. Nxd1 Nd5+ 23. Kg3 Rb8 24. Nc3 Nxc3 25. bxc3 Kf8 26. Bc4
f6 27. Ra5 Rb7 28. Ra6 Rc7 29. Kf4 Ke7 30. Ke3 Kd6 31. Kd4 Bf7 32. Bd3 Bg6 33.
Bc4 Bf7 34. Bd3 1/2-1/2

[Event "DEM U14 2010"]
[Site "Oberhof GER"]
[Date "2010.05.28"]
[Round "8"]
[White "Koop, Thorben"]
[Black "Urban, Lars"]
[Result "1/2-1/2"]
[Termination "normal"]
[Board "9"]
[WhiteElo "1868"]
[BlackElo "1835"]
[PlyCount "86"]
[WhiteFideId "24661619"]
[BlackFideId "4644034"]
[EventCountry "GER"]
[EventRounds "9"]
[EventType "swiss"]
[EventDate "2010.05.22"]

1. e4 e6 2. d4 d5 3. Nd2 Be7 4. Ngf3 Nf6 5. e5 Nfd7 6. Bd3 c5 7. c3 b6 8. Qa4
a5 9. Qc2 Ba6 10. O-O Bxd3 11. Qxd3 Nc6 12. Qb5 Qc7 13. Rd1 c4 14. Qa4 b5 15.
Qc2 b4 16. Nf1 h6 17. Ng3 Nb6 18. Nh5 g6 19. Nf6+ Bxf6 20. exf6 Nd7 21. g3 Nxf6
22. Bf4 Qb7 23. Ne5 g5 24. Nxc6 gxf4 25. Qa4 fxg3 26. hxg3 Nd7 27. Nxa5 bxc3
28. Nxb7 Rxa4 29. bxc3 Ra3 30. Nd6+ Ke7 31. Nb5 Ra5 32. Rdb1 Rb8 33. a4 Nb6 34.
Rb4 Rxa4 35. Rbxa4 Nxa4 36. Na7 Rb3 37. Rxa4 Rxc3 38. Kf1 Kd7 39. Ke1 Rd3 40.
Nb5 Kc6 41. Rb4 f6 42. Ke2 e5 43. dxe5 fxe5 1/2-1/2

[Event "DEM U14 2010"]
[Site "Oberhof GER"]
[Date "2010.05.28"]
[Round "8"]
[White "Neef, Maximilian"]
[Black "Schreiber, Kevin"]
[Result "1-0"]
[Termination "normal"]
[Board "10"]
[WhiteElo "2040"]
[BlackElo "1674"]
[PlyCount "79"]
[WhiteFideId "24692085"]
[BlackFideId "24655830"]
[EventCountry "GER"]
[EventRounds "9"]
[EventType "swiss"]
[EventDate "2010.05.22"]

1. d4 d5 2. c4 c6 3. Nf3 Nf6 4. e3 Bg4 5. Nc3 e6 6. h3 Bxf3 7. Qxf3 Bd6 8. Bd3
Nbd7 9. O-O O-O 10. e4 dxe4 11. Nxe4 Nxe4 12. Qxe4 g6 13. Bh6 Re8 14. Rad1 Qe7
15. Bb1 Rad8 16. Rfe1 c5 17. Qxb7 Rb8 18. Qxa7 Rxb2 19. Be3 Reb8 20. Be4 cxd4
21. Qxd4 Nc5 22. Bxg6 hxg6 23. Qxd6 Qxd6 24. Rxd6 Ne4 25. Ra6 Nc3 26. a3 Ra2
27. c5 Kf8 28. c6 Nd5 29. Bc5+ Ke8 30. Rc1 Nf4 31. Rd1 Nd5 32. Rc1 Nf4 33. Bd6
Ne2+ 34. Kf1 Nxc1 35. Bxb8 Rd2 36. g4 Nd3 37. Bg3 e5 38. Ra8+ Ke7 39. c7 e4 40.
Bh4+ 1-0

[Event "DEM U14 2010"]
[Site "Oberhof GER"]
[Date "2010.05.28"]
[Round "8"]
[White "Brinkmann, Fabian"]
[Black "Nöttling, Dominik"]
[Result "1/2-1/2"]
[Termination "normal"]
[Board "11"]
[WhiteElo "1726"]
[BlackElo "1801"]
[PlyCount "68"]
[WhiteFideId "24661414"]
[BlackFideId "24672807"]
[EventCountry "GER"]
[EventRounds "9"]
[EventType "swiss"]
[EventDate "2010.05.22"]

1. d4 Nf6 2. c4 e6 3. Nf3 b6 4. Nc3 Bb4 5. Qc2 Bb7 6. Bg5 h6 7. Bxf6 Qxf6 8. a3
Bxc3+ 9. Qxc3 d6 10. g3 Nc6 11. Rd1 Ne7 12. Bg2 O-O 13. O-O Nf5 14. Rfe1 Be4
15. Nh4 Bxg2 16. Nxg2 c5 17. e3 cxd4 18. exd4 Rac8 19. Ne3 Nxe3 20. fxe3 d5 21.
b3 Qe7 22. Ra1 Rc7 23. Qd3 Rfc8 24. Rec1 e5 25. Rc3 exd4 26. exd4 dxc4 27. bxc4
Qe6 28. d5 Qd6 29. Rb1 a6 30. a4 Rd8 31. Qd4 Rc5 32. Rcb3 Rb8 33. Kf2 Kf8 34.
R1b2 Rb7 1/2-1/2

[Event "DEM U14 2010"]
[Site "Oberhof GER"]
[Date "2010.05.28"]
[Round "8"]
[White "Galkin, Wladislaw"]
[Black "Knopf, Felix"]
[Result "1-0"]
[Termination "normal"]
[Board "12"]
[WhiteElo "1940"]
[BlackElo "1745"]
[PlyCount "61"]
[WhiteFideId "4603192"]
[BlackFideId "24692204"]
[EventCountry "GER"]
[EventRounds "9"]
[EventType "swiss"]
[EventDate "2010.05.22"]

1. d4 d5 2. c4 c6 3. Bf4 Nf6 4. e3 e6 5. cxd5 exd5 6. Bd3 Be7 7. Qc2 O-O 8. Nc3
Nbd7 9. Nf3 Re8 10. O-O Nf8 11. h3 Ne6 12. Bg3 c5 13. dxc5 Nxc5 14. Nb5 Nxd3
15. Qxd3 Ne4 16. Bh2 Bf5 17. Qd1 Nd6 18. Nxd6 Bxd6 19. Bxd6 Qxd6 20. Nd4 Bd7
21. Qf3 Re5 22. Rac1 Rg5 23. Rc2 Qh6 24. Kh2 Qd6+ 25. Kh1 Rf8 26. Rfc1 Qh6 27.
Rc7 Bg4 28. Qf4 Qh4 29. f3 h5 30. fxg4 hxg4 31. Nf3 1-0

[Event "DEM U14 2010"]
[Site "Oberhof GER"]
[Date "2010.05.28"]
[Round "8"]
[White "Krause, Benedict"]
[Black "Grötzbach, Julian"]
[Result "0-1"]
[Termination "normal"]
[Board "13"]
[WhiteElo "1827"]
[BlackElo "1861"]
[PlyCount "68"]
[WhiteFideId "12917990"]
[BlackFideId "24600938"]
[EventCountry "GER"]
[EventRounds "9"]
[EventType "swiss"]
[EventDate "2010.05.22"]

1. e4 c5 2. Nc3 a6 3. g3 b5 4. Bg2 Bb7 5. d3 e6 6. f4 d5 7. exd5 b4 8. Nb1 exd5
9. Qe2+ Be7 10. Nf3 Nf6 11. O-O O-O 12. Nbd2 Nc6 13. Ne5 Bd6 14. Nxc6 Bxc6 15.
b3 Re8 16. Qf3 Rc8 17. h3 a5 18. Bb2 c4 19. Bxf6 Qxf6 20. Qg4 cxd3 21. cxd3 Bb5
22. Rfc1 Rxc1+ 23. Rxc1 Qb2 24. Rd1 Qc2 25. Bxd5 Qc5+ 26. Kh2 Qxd5 27. Ne4 Qd4
28. Qf5 Bxd3 29. Rxd3 Qxe4 30. Qxe4 Rxe4 31. Rxd6 Re2+ 32. Kg1 Kf8 33. Ra6 Rxa2
34. Ra7 a4 0-1

[Event "DEM U14 2010"]
[Site "Oberhof GER"]
[Date "2010.05.28"]
[Round "8"]
[White "Cech, Tim"]
[Black "Buchberger, Sascha"]
[Result "0-1"]
[Termination "normal"]
[Board "14"]
[WhiteElo "1807"]
[BlackElo "1736"]
[PlyCount "94"]
[WhiteFideId "1270258"]
[BlackFideId "24690180"]
[EventCountry "GER"]
[EventRounds "9"]
[EventType "swiss"]
[EventDate "2010.05.22"]

1. e4 e6 2. d4 d5 3. exd5 exd5 4. Nc3 c6 5. Nf3 Nf6 6. Bg5 h6 7. Bh4 Bd6 8. Bd3
O-O 9. O-O Bg4 10. Re1 Nbd7 11. Re3 Bf4 12. Re1 Qc7 13. Bg3 Rae8 14. Bxf4 Qxf4
15. Ne2 Qd6 16. Nd2 Qe7 17. f3 Qe3+ 18. Kh1 Bh5 19. Nf1 Qf2 20. Neg3 Rxe1 21.
Qxe1 Qxd4 22. Rb1 Ne5 23. Nxh5 Nxh5 24. Qd1 Nxd3 25. Qxd3 Qxd3 26. cxd3 Re8 27.
Rd1 Re2 28. Rd2 Rxd2 29. Nxd2 Nf4 30. d4 Nd3 31. b3 Nb4 32. a4 Nc2 33. Kg1 Nxd4
34. Kf2 c5 35. Ke3 g5 36. Kd3 a5 37. Kc3 b5 38. Nf1 bxa4 39. bxa4 Nf5 40. g3
Kg7 41. Kd3 Kf6 42. Ne3 Nxe3 43. Kxe3 Ke6 44. Kd3 f5 45. f4 gxf4 46. gxf4 Kf6
47. h4 Kg6 0-1